| 000 | 00788nam a2200193 a 4500 | ||
|---|---|---|---|
| 003 | 0 | ||
| 005 | 20250318153636.0 | ||
| 008 | 080923s19uu xx 00 eng d | ||
| 050 |
_aPHS LB 1065 _b.C81 2008 |
||
| 100 | _aCordero, Jan Iris A. | ||
| 245 |
_aDiligence, emotional intelligence and academic achievement of grade 11 students of Southville International School and Colleges / _cJan Iris A. Cordero. |
||
| 260 |
_aLas PiƱas City, Philippines : _bSouthville International School and Colleges, _c2008. |
||
| 300 |
_a28 pages : _billustrations ; _c28 cm. |
||
| 504 | _aIncludes bibliographical references. | ||
| 650 |
_aAcademic achievement _xPsychological aspects. |
||
| 650 |
_aDiligence _xPsychological aspects. |
||
| 650 |
_aEmotional intelligence _xStudents. |
||
| 942 |
_2lcc _cPASS |
||
| 999 |
_c98079 _d98079 |
||